000
00209nmm a2200085Ia 4500
008
220120s9999||||xx |||||||||||||||||und||
100
_a
Digit
245
0
_a
Skoar, the interactive edition
260
_a
Nine dot Nine
999
_c
139901
_d
139901